000 01089njm a22002777a 4500
005 20100913100347.0
007 sd ammalaaahaa
008 100913t xxu||||| |||| 00| 0 hin d
028 _aECLP.5572
_bHis Master's Voice
035 _aGR-02958
040 _aSED/VEN
100 _aMukherjee, Aarti
_919606
245 _aSaajan bina suhagan /
_cby Aarti Mukherjee lyric ; by Indiwar
_h[sound recording] :
246 _aसाजन बिना सुहागन (आरती मुख़र्जी)
260 _aDum Dum, India
_bHis Master's Voice
_c1978
300 _a1 sound disc [Gramophone record] :
_banalog, 33. 1/3 rpm
_c12 in. (LP)
_fGramophone record
500 _aBrief record.
500 _aHis Master's Voice
500 _aOrange
505 _aPart 1 Omamma dear mamma (Aarti Mukherjee), Part 2 Madhuban khushboo deta hai (Yesudas)
650 _aClassical Music
_xExcerpts
_zIndia
_919607
_vFilmi song
700 _920331
_aYesudas
700 _aIndiwar
_920371
942 _2ddc
_cGR
999 _c46250
_d46250